Laws relating to offences against women: with detailed case laws of supreme court & high court
Na minha lista:
| Autor principal: | |
|---|---|
| Formato: | Livro |
| Publicado em: |
New Delhi:
S.P.GOGIA,
c2009.
|
| Assuntos: | |
| Tags: |
Adicionar Tag
Sem tags, seja o primeiro a adicionar uma tag!
|
MARC
| LEADER | 00000nam a2200000 4500 | ||
|---|---|---|---|
| 005 | 20250926080759.0 | ||
| 020 | |a 9789380087337 |c TZS 36681.79/= | ||
| 040 | |a MCCL |b eng. |e AACR 2nd.rev. ed. | ||
| 082 | |a 345 DEW | ||
| 100 | |a Dewan, V. K. | ||
| 245 | |a Laws relating to offences against women: with detailed case laws of supreme court & high court |c / V. K. Dewan | ||
| 260 | |a New Delhi: |b S.P.GOGIA, |c c2009. | ||
| 300 | |a 844p. : ill.; |c 24 cm | ||
| 504 | |a Includes index | ||
| 546 | |a eng. | ||
| 650 | |a Women Crimes against Law and legislation | ||
| 650 | |a Women Crimes against Law and legislation India Digests | ||
| 700 | |a Dewan, V. K. | ||
| 942 | |c BK | ||
| 999 | |c 11192 |d 11192 | ||